000 00571nam a2200181 i 4500
001 35979
003 ES-MaACL
005 20250529131007.0
007 t|
008 030214s1963 sp ||||1| spa d
100 1 _aBourdet-Pleville, Michel.
_930962
245 1 0 _aGaleotes forzados y penados /
_cMichel Bourdet-Pleville ; [versión española de Mariano Tudela].
260 _aBarcelona :
_bLuis de Caralt,
_c[1963]
300 _a284 p. ;
_c25 cm.
700 1 _aTudela, Mariano,
_d1925-2001
_9111632
852 _aES-MaACL
_jC-24064
_bR.52969
999 _c35979
_d35979